[Event "Open Jastrzebie 2019"]
[Site "?"]
[Date "2019.08.16"]
[Round "6.13"]
[White "Wiecek, Pawel"]
[Black "Borkowski, Maciej"]
[Result "1-0"]
[WhiteElo "1916"]
[BlackElo "1559"]
[PlyCount "85"]
[SourceVersionDate "2019.08.21"]

1. d4 d5 2. g3 Nf6 3. Bg2 Bf5 4. Nf3 e6 5. O-O c5 6. c4 Nc6 7. cxd5 Nxd5 8. Nc3
Nxc3 9. bxc3 cxd4 10. Nxd4 Qc7 11. Nxf5 exf5 12. Bf4 Qa5 13. Qb3 Qb6 14. Qc2
Be7 15. Qxf5 O-O 16. Rab1 Qa6 17. Qd7 Bf6 18. Qxb7 Qxb7 19. Rxb7 Rac8 20. Bh3
Ra8 21. Rd1 Ne5 22. Rc7 Ng6 23. Be3 a5 24. c4 Be5 25. Rb7 h6 26. Rdd7 Rab8 27.
Bg2 Rxb7 28. Bxb7 Bc3 29. Bd4 Bb4 30. Bd5 Ne7 31. e4 Nxd5 32. cxd5 Rc8 33. Bb6
Rc2 34. a4 Ra2 35. Rd8+ Kh7 36. Ra8 Rxa4 37. e5 Bc3 38. f4 Ra1+ 39. Kf2 a4 40.
Bc5 Bb2 41. e6 Ra2 42. Kf3 fxe6 43. dxe6 1-0

[Event "Open Jastrzebie 2019"]
[Site "?"]
[Date "2019.08.16"]
[Round "6.14"]
[White "Zak, Rafal"]
[Black "Darda, Roman"]
[Result "1-0"]
[WhiteElo "1610"]
[BlackElo "1850"]
[PlyCount "79"]
[SourceVersionDate "2019.08.21"]

1. e4 e6 2. d4 d5 3. e5 c5 4. c3 Nc6 5. Nf3 Qb6 6. a3 cxd4 7. cxd4 Bd7 8. Nc3
Na5 9. b4 Nc4 10. Bxc4 dxc4 11. O-O Ne7 12. Qc2 Nd5 13. Ne4 Bb5 14. Bg5 h6 15.
Bh4 Rc8 16. Rfd1 Qa6 17. Nc3 Bd7 18. Nd2 Bc6 19. Nde4 b6 20. Qd2 Ba8 21. f4
Nxc3 22. Nxc3 Bd5 23. Rf1 b5 24. f5 Qc6 25. fxe6 fxe6 26. Qc2 Rc7 27. Qg6+ Kd7
28. Rf7+ Kc8 29. Raf1 Rxf7 30. Rxf7 Qb6 31. Bf2 Kd8 32. Nxd5 exd5 33. Bh4+ Kc8
34. Qf5+ Kb8 35. Rxf8+ Rxf8 36. Qxf8+ Kb7 37. Qf7+ Ka6 38. Qxd5 c3 39. Be1 c2
40. Bd2 1-0

[Event "Open Jastrzebie 2019"]
[Site "?"]
[Date "2019.08.16"]
[Round "6.15"]
[White "Szymon, Jakub"]
[Black "Piechota, Kamil"]
[Result "1/2-1/2"]
[WhiteElo "1572"]
[BlackElo "1663"]
[PlyCount "54"]
[SourceVersionDate "2019.08.21"]

1. e4 e5 2. Nf3 Nc6 3. Bb5 a6 4. Ba4 Nf6 5. O-O b5 6. Bb3 Bc5 7. d3 h6 8. c3 d6
9. h3 O-O 10. Nbd2 Bb6 11. Re1 Na5 12. Bc2 c5 13. Nf1 Nc6 14. Ng3 b4 15. a4
bxc3 16. bxc3 Ba5 17. Bd2 Rb8 18. Qc1 Kh7 19. Rb1 Rxb1 20. Bxb1 Be6 21. d4 cxd4
22. cxd4 Bxd2 23. Qxd2 Bc8 24. Rc1 Qb6 25. dxe5 Nxe5 26. Nd4 Kh8 27. Kh2 Be6
1/2-1/2

[Event "Open Jastrzebie 2019"]
[Site "?"]
[Date "2019.08.16"]
[Round "6.5"]
[White "Koloczek, Maciej"]
[Black "Dziendziel, Mateusz"]
[Result "1-0"]
[WhiteElo "1958"]
[BlackElo "1801"]
[PlyCount "51"]

1. e4 c5 2. Nf3 d6 3. d4 Nf6 4. Nc3 cxd4 5. Nxd4 g6 6. Be3 a6 7. f3 b5 8. a4 b4
9. Na2 e5 10. Nb3 d5 11. Bg5 d4 12. c3 bxc3 13. bxc3 h6 14. Bh4 Nc6 15. cxd4
Nxd4 16. Bc4 Be7 17. Nxd4 exd4 18. O-O O-O 19. Qd3 Bb7 20. Rab1 Bc6 21. Nb4
Bxa4 22. e5 Nh7 23. Bxe7 Qxe7 24. Qxg6+ Kh8 25. Qe4 Rae8 26. f4 1-0

[Event "Open Jastrzebie 2019"]
[Site "?"]
[Date "2019.08.16"]
[Round "6.6"]
[White "Norov, Artem"]
[Black "Sulkowski, Dawid"]
[Result "1/2-1/2"]
[WhiteElo "1894"]
[BlackElo "1604"]
[PlyCount "32"]

1. d4 d5 2. c4 e6 3. Nf3 Nf6 4. Nc3 Be7 5. Bg5 O-O 6. e3 h6 7. Bh4 b6 8. Bd3
Bb7 9. O-O Nbd7 10. Qe2 c5 11. Rfd1 Ne4 12. Bxe7 Qxe7 13. Rac1 Rad8 14. dxc5
Nxc3 15. Rxc3 Nxc5 16. Nd2 Nxd3 1/2-1/2

[Event "Open Jastrzebie 2019"]
[Site "?"]
[Date "2019.08.16"]
[Round "6.7"]
[White "Radecki, Adam"]
[Black "Distel, Pawel"]
[Result "1-0"]
[WhiteElo "1792"]
[BlackElo "1705"]
[PlyCount "59"]

1. e4 e6 2. d4 d5 3. Nc3 Nf6 4. Bg5 Bb4 5. e5 h6 6. exf6 hxg5 7. fxg7 Rg8 8.
Bd3 Qf6 9. Nge2 c5 10. a3 Bxc3+ 11. Nxc3 Qxd4 12. Qe2 Nc6 13. O-O-O Qf4+ 14.
Kb1 Nd4 15. Qe1 Qd6 16. Nb5 Nxb5 17. Bxb5+ Bd7 18. Bxd7+ Kxd7 19. Qc3 Ke7 20.
Rhe1 d4 21. Qf3 Qc7 22. c3 Rad8 23. cxd4 cxd4 24. Qe4 Rxg7 25. Rxd4 Rgg8 26.
Rc1 Qb8 27. Rdc4 Rc8 28. h3 Rgd8 29. Qe3 Kf6 30. Qc3+ 1-0

[Event "Open Jastrzebie 2019"]
[Site "?"]
[Date "2019.08.16"]
[Round "6.8"]
[White "Gradalski, Olaf"]
[Black "Kozsik, Bende Barnabas"]
[Result "0-1"]
[WhiteElo "1531"]
[BlackElo "2044"]
[PlyCount "82"]

1. Nf3 Nf6 2. g3 g6 3. Bg2 Bg7 4. d3 O-O 5. O-O d5 6. Nbd2 Re8 7. c3 e5 8. e4
h6 9. Qc2 c5 10. b3 Nc6 11. h3 Be6 12. Re1 b6 13. a3 Rc8 14. Bb2 Qd7 15. Kh2
Nh5 16. exd5 Bxd5 17. c4 Bxf3 18. Bxf3 Rcd8 19. Bxc6 Qxc6 20. Ne4 f5 21. Nc3
Nf6 22. Rad1 Rd7 23. Re2 Red8 24. b4 Nh7 25. Nd5 Ng5 26. f4 Nf3+ 27. Kg2 Rxd5
28. cxd5 Qxd5 29. Kf2 exf4 30. gxf4 Bxb2 31. Qxb2 Nd4 32. Re3 Qd6 33. Re5 Nc6
34. bxc5 bxc5 35. Qb3+ Kh8 36. Rde1 Nxe5 37. Rxe5 Qd4+ 38. Ke1 Qxf4 39. Qe6
Qg3+ 40. Ke2 Qxd3+ 41. Kf2 Qd6 0-1

[Event "Open Jastrzebie 2019"]
[Site "?"]
[Date "2019.08.16"]
[Round "6.9"]
[White "Kelemen, Szabolcs"]
[Black "Wos, Kacper"]
[Result "1-0"]
[WhiteElo "1939"]
[BlackElo "1313"]
[PlyCount "51"]

1. e4 c5 2. Nf3 g6 3. d4 cxd4 4. Nxd4 Nf6 5. Nc3 Nc6 6. Bc4 d6 7. f3 Bg7 8. Be3
O-O 9. Bb3 Bd7 10. Qd2 a5 11. a4 Nxd4 12. Bxd4 Bc6 13. h4 e6 14. O-O-O d5 15.
exd5 Bxd5 16. Nxd5 Nxd5 17. Bxg7 Kxg7 18. Bxd5 Qxd5 19. Qc3+ Kg8 20. Rxd5 exd5
21. h5 Rfc8 22. Qd4 Rc4 23. Qxd5 Rxa4 24. hxg6 hxg6 25. Kb1 Re8 26. Qd7 1-0

[Event "Open Jastrzebie 2019"]
[Site "?"]
[Date "2019.08.16"]
[Round "6.16"]
[White "Lysakowski, Piotr"]
[Black "Kordela, Monika"]
[Result "1-0"]
[WhiteElo "1415"]
[BlackElo "1541"]
[PlyCount "61"]

1. d4 Nf6 2. c4 e5 3. d5 Bc5 4. e3 O-O 5. Bd3 d6 6. h3 a6 7. Nc3 Re8 8. Nge2
Nbd7 9. O-O h6 10. a3 a5 11. Rb1 c6 12. Bc2 cxd5 13. cxd5 Ba7 14. b4 axb4 15.
axb4 Nb6 16. Ra1 Bd7 17. e4 Nc4 18. Kh1 b5 19. Bb3 Qc7 20. Qd3 Rec8 21. f4 Qb7
22. fxe5 dxe5 23. Bxh6 Nxe4 24. Nxe4 gxh6 25. Bxc4 Rxc4 26. Nd6 Qc7 27. Nxc4
bxc4 28. Qg3+ Kf8 29. Qf3 Be8 30. Qf6 h5 31. d6 1-0

[Event "Open Jastrzebie 2019"]
[Site "?"]
[Date "2019.08.16"]
[Round "6.18"]
[White "Szymanski, Wojciech"]
[Black "Aleshko, Igor L"]
[Result "0-1"]
[WhiteElo "1500"]
[BlackElo "1270"]
[PlyCount "100"]

1. d4 d5 2. Nf3 Nf6 3. c4 dxc4 4. Nc3 a6 5. a4 Nc6 6. Bf4 e6 7. e3 Na5 8. Be2
Bb4 9. Qc2 c6 10. O-O Nd5 11. Be5 f6 12. Bg3 Nxc3 13. bxc3 Bd6 14. Nd2 Bxg3 15.
hxg3 b5 16. Bh5+ Ke7 17. Rfd1 Bb7 18. e4 Qc7 19. e5 f5 20. Bf3 h5 21. Qc1 Kf7
22. Qa3 g6 23. axb5 axb5 24. Qc5 Ra6 25. Rdb1 Rc8 26. Rb2 Ke8 27. Bd1 Qe7 28.
Qxe7+ Kxe7 29. Nf3 Rca8 30. Ng5 Bc8 31. f3 Nb7 32. Rab1 Ra2 33. Bc2 Rxb2 34.
Rxb2 Ra3 35. g4 hxg4 36. fxg4 Rxc3 37. Nh7 Ra3 38. gxf5 gxf5 39. Bd1 Na5 40.
Bf3 Bd7 41. Nf6 Nb3 42. Ng8+ Kd8 43. Kh2 Nxd4 44. Bh5 c3 45. Rb4 c5 46. Rb1 c2
47. Rc1 Rb3 48. Ra1 Nc6 49. Bf3 Rb1 50. Ra8+ Kc7 0-1

[Event "Open Jastrzebie 2019"]
[Site "?"]
[Date "2019.08.16"]
[Round "6.19"]
[White "Gollner, Martin"]
[Black "Kozubek, Krystian"]
[Result "0-1"]
[WhiteElo "1282"]
[BlackElo "1495"]
[PlyCount "92"]
[SourceVersionDate "2019.08.21"]

1. e4 c6 2. d4 d5 3. e5 Bf5 4. h4 h6 5. g4 Bd7 6. f4 e6 7. Bd3 c5 8. Be3 cxd4
9. Bxd4 Nc6 10. Be3 Qa5+ 11. Nd2 Bc5 12. Qe2 Bxe3 13. Qxe3 Nb4 14. a3 Rc8 15.
O-O-O Nxd3+ 16. Qxd3 Ba4 17. Nb3 Qb6 18. Nd4 Ne7 19. Rd2 Nc6 20. Ngf3 Na5 21.
c3 Nc4 22. Rg2 h5 23. f5 hxg4 24. fxe6 gxf3 25. exf7+ Kf8 26. Qxf3 Qxd4 27. Qf5
Qe3+ 28. Kb1 Qe4+ 29. Qxe4 dxe4 30. e6 Bb3 31. Rhg1 Rh7 32. h5 Ne5 33. h6 g6
34. Rg5 Nxf7 35. Rxg6 Nxh6 36. Rh1 Ke7 37. Rhxh6 Rxh6 38. Rxh6 Rd8 39. Rh7+
Kxe6 40. Rh4 Kf5 41. Rh5+ Kg4 42. Rh1 e3 43. a4 e2 44. Rc1 Rd1 45. a5 Rxc1+ 46.
Kxc1 e1=Q# 0-1

[Event "Open Jastrzebie 2019"]
[Site "?"]
[Date "2019.08.16"]
[Round "6.20"]
[White "Brak, Marian"]
[Black "Tomanec, Samuel"]
[Result "1-0"]
[WhiteElo "1489"]
[BlackElo "1207"]
[PlyCount "47"]
[SourceVersionDate "2019.08.21"]

1. e4 e5 2. f4 exf4 3. Nf3 Nc6 4. Bc4 d6 5. d4 Nf6 6. Nc3 Be7 7. Bxf4 O-O 8. h3
h6 9. a3 Re8 10. O-O Nh5 11. Qd2 Bh4 12. Bxh6 Ng3 13. Bxg7 Kxg7 14. Nxh4 Nxf1
15. Rxf1 Qxh4 16. Rxf7+ Kh8 17. Rf4 Qh6 18. Qf2 Bg4 19. Rxg4 Qc1+ 20. Kh2 Kh7
21. Qf5+ Kh8 22. Qf6+ Kh7 23. Qg6+ Kh8 24. Qg7# 1-0

[Event "Open Jastrzebie 2019"]
[Site "?"]
[Date "2019.08.16"]
[Round "6.21"]
[White "Sacharczuk, Karolina"]
[Black "Kopaczewski, Zbigniew"]
[Result "0-1"]
[WhiteElo "1250"]
[BlackElo "1464"]
[PlyCount "56"]
[SourceVersionDate "2019.08.21"]

1. d4 e6 2. c4 c6 3. d5 cxd5 4. cxd5 Nf6 5. dxe6 fxe6 6. Nc3 a6 7. g3 Bc5 8. e4
Nc6 9. Bg2 O-O 10. h3 d5 11. exd5 Nxd5 12. Nf3 Nxc3 13. Qxd8 Rxd8 14. bxc3 Rd3
15. Bb2 e5 16. O-O Be6 17. c4 Rf8 18. Nxe5 Rd2 19. Nxc6 Rxb2 20. Ne5 Bxf2+ 21.
Kh1 Bxg3 22. Rxf8+ Kxf8 23. Rf1+ Ke7 24. Nd3 Rxa2 25. Rf3 Ra1+ 26. Bf1 Bd6 27.
c5 Bc7 28. Kg2 Bd5 0-1

[Event "Open Jastrzebie 2019"]
[Site "?"]
[Date "2019.08.16"]
[Round "6.22"]
[White "Aleshko, Margarita"]
[Black "Gadlina, Adrian"]
[Result "1-0"]
[WhiteElo "1319"]
[BlackElo "1097"]
[PlyCount "35"]
[SourceVersionDate "2019.08.21"]

1. d4 d5 2. c4 e6 3. g3 Nf6 4. Bg2 Be7 5. Nf3 O-O 6. O-O c5 7. dxc5 dxc4 8. Qc2
Bxc5 9. Qxc4 Qb6 10. Nc3 Nc6 11. Na4 Qb4 12. Qxc5 Qxa4 13. b3 Qa6 14. e3 h6 15.
Bb2 Ne4 16. Qc2 Nd6 17. Nh4 Nb4 18. Qc3 1-0

[Event "Open Jastrzebie 2019"]
[Site "?"]
[Date "2019.08.16"]
[Round "6.23"]
[White "Rocek, Lukas"]
[Black "Lubszczyk, Piotr"]
[Result "0-1"]
[WhiteElo "1030"]
[BlackElo "1067"]
[PlyCount "108"]
[SourceVersionDate "2019.08.21"]

1. e4 c5 2. Nf3 a6 3. d4 cxd4 4. Nxd4 e5 5. Nf3 Nf6 6. Bg5 Nc6 7. Nc3 Bb4 8.
Qd3 h6 9. Bh4 O-O 10. Be2 Qe7 11. O-O Bxc3 12. Qxc3 b5 13. Rad1 Qe6 14. Bxf6
Qxf6 15. Rd5 Re8 16. Rfd1 Re6 17. Qc5 Qf4 18. Rd6 Rxd6 19. Qxd6 Qxe4 20. Bd3
Qf4 21. Re1 Qf6 22. Qc7 Qd8 23. Qxd8+ Nxd8 24. Rxe5 Ne6 25. Nd4 Bb7 26. Nxe6
dxe6 27. Rc5 Rc8 28. Rxc8+ Bxc8 29. Kf1 Bb7 30. f3 Kf8 31. Ke2 Ke7 32. Ke3 Kd6
33. Kd4 e5+ 34. Ke3 Ke6 35. b3 f5 36. c4 f4+ 37. Ke2 bxc4 38. bxc4 Kd6 39. Be4
Bxe4 40. fxe4 Kc5 41. Kd3 Kb4 42. a3+ Kc5 43. Kc3 g5 44. Kb3 g4 45. Ka4 f3 46.
gxf3 gxf3 47. Ka5 f2 48. Kxa6 f1=Q 49. a4 Qxc4+ 50. Ka7 Qxa4+ 51. Kb7 Qc6+ 52.
Ka7 Qb6+ 53. Ka8 Kc6 54. h4 Qb7# 0-1

[Event "Open Jastrzebie 2019"]
[Site "?"]
[Date "2019.08.16"]
[Round "6.24"]
[White "Rocek, Matyas"]
[Black "Bala, Bartosz"]
[Result "0-1"]
[WhiteElo "1030"]
[BlackElo "1067"]
[PlyCount "76"]
[SourceDate "2019.08.22"]

1. e4 e5 2. Nf3 Nc6 3. Bb5 Nf6 4. Nc3 d6 5. h3 Bd7 6. d3 a6 7. Bc4 Be6 8. Bxe6
fxe6 9. d4 exd4 10. Nxd4 Qd7 11. O-O Be7 12. Be3 O-O 13. f4 e5 14. Nxc6 Qxc6
15. Qd3 Rad8 16. f5 d5 17. exd5 Nxd5 18. Nxd5 Rxd5 19. Qb3 Kh8 20. Rfd1 Rb5 21.
Qe6 Qxe6 22. fxe6 Bd6 23. b3 Re8 24. e7 Rxe7 25. Rd2 h6 26. Rad1 b6 27. Rd5 Rb4
28. a3 Re4 29. Bxb6 Bxa3 30. Ra5 Bb4 31. Ra4 cxb6 32. c3 Bc5+ 33. Kh2 Rxa4 34.
bxa4 e4 35. Re1 e3 36. Kg3 Rf7 37. Re2 Rf2 38. Rxf2 exf2 0-1

[Event "Open Jastrzebie 2019"]
[Site "?"]
[Date "2019.08.17"]
[Round "7.4"]
[White "Molenda, Marcin"]
[Black "Norov, Artem"]
[Result "1-0"]
[WhiteElo "2387"]
[BlackElo "1894"]
[PlyCount "105"]

1. d4 d5 2. c4 e6 3. Nf3 Nf6 4. Qc2 c6 5. Nbd2 Be7 6. g3 O-O 7. Bg2 b6 8. O-O
Bb7 9. e4 Na6 10. a3 c5 11. cxd5 exd5 12. e5 Ne8 13. dxc5 bxc5 14. Rd1 Qb6 15.
Nf1 Nec7 16. Ne3 Qg6 17. Nf5 Rfe8 18. Nxe7+ Rxe7 19. Qxg6 hxg6 20. Bg5 Ree8 21.
Rac1 Ne6 22. Bd2 Rac8 23. Ba5 c4 24. Ne1 Rc5 25. Bc3 Rd8 26. Nc2 Rcc8 27. Ne3
Rc5 28. Rc2 Rd7 29. Rcd2 d4 30. Bxd4 Nxd4 31. Rxd4 Rxd4 32. Rxd4 Bxg2 33. Kxg2
Rxe5 34. Nxc4 Re7 35. Rd8+ Kh7 36. b4 Nc7 37. Nd6 Ne6 38. Re8 Rd7 39. Nxf7 Nf4+
40. gxf4 Rxf7 41. Kg3 Rc7 42. Re3 a5 43. bxa5 Rc5 44. a4 Rxa5 45. Ra3 Kg8 46.
Kf3 Kf7 47. Ke4 Ke6 48. Kd4 Kd6 49. Ra2 Kc6 50. Rc2+ Kb6 51. Rb2+ Kc6 52. Rb4
Rc5 53. Rc4 1-0

[Event "Open Jastrzebie 2019"]
[Site "?"]
[Date "2019.08.17"]
[Round "7.5"]
[White "Sulkowski, Dawid"]
[Black "Khamitskiy, Sergei"]
[Result "0-1"]
[WhiteElo "1604"]
[BlackElo "2243"]
[PlyCount "54"]
[SourceVersionDate "2019.08.22"]

1. d4 d5 2. Nf3 Nf6 3. c4 dxc4 4. e3 Bg4 5. Bxc4 e6 6. h3 Bh5 7. O-O a6 8. Nc3
c5 9. dxc5 Bxc5 10. Qxd8+ Kxd8 11. Rd1+ Ke7 12. g4 Bg6 13. Ne5 Nc6 14. Nxc6+
bxc6 15. b3 h5 16. g5 Nd5 17. Bb2 f6 18. gxf6+ gxf6 19. Rac1 Nxe3 20. fxe3
Bxe3+ 21. Kh2 Bf4+ 22. Kh1 Bxc1 23. Bxc1 Rad8 24. Rxd8 Rxd8 25. Bxa6 Bd3 26.
Bxd3 Rxd3 27. Bb2 Rxh3+ 0-1

[Event "Open Jastrzebie 2019"]
[Site "?"]
[Date "2019.08.17"]
[Round "7.6"]
[White "Kozsik, Bende Barnabas"]
[Black "Radecki, Adam"]
[Result "0-1"]
[WhiteElo "2044"]
[BlackElo "1792"]
[PlyCount "130"]
[SourceVersionDate "2019.08.22"]

1. e4 d6 2. d4 Nf6 3. f3 Nbd7 4. c4 e5 5. Nc3 Be7 6. Be3 c6 7. d5 c5 8. Qc2 Rb8
9. Bd3 Nf8 10. Nge2 Ng6 11. a3 O-O 12. O-O Bd7 13. g3 a6 14. b4 b6 15. Rab1 Qc7
16. Kh1 h5 17. Rb2 h4 18. Qd2 Rfc8 19. Kg2 Qd8 20. b5 a5 21. Na4 Nh7 22. f4
exf4 23. gxf4 Bf6 24. Rbb1 h3+ 25. Kh1 Nh4 26. e5 Bg4 27. exf6 Bf3+ 28. Kg1 Bg2
29. Ng3 Nxf6 30. f5 Nf3+ 31. Rxf3 Bxf3 32. Bg5 Qf8 33. Qf4 Nh7 34. f6 Nxg5 35.
Qxg5 g6 36. Kf2 Bg2 37. Bxg6 fxg6 38. Qxg6+ Kh8 39. Qh5+ Kg8 40. Qg6+ Kh8 41.
Nf5 Rc7 42. Rb3 Rh7 43. Rg3 Be4 44. Qg5 Bxf5 45. Qxf5 Qh6 46. f7 Rf8 47. Rg8+
Rxg8 48. fxg8=Q+ Kxg8 49. Qc8+ Qf8+ 50. Qxf8+ Kxf8 51. Nxb6 Ke7 52. Kg3 Kd8 53.
Na4 Kc7 54. Nc3 Re7 55. Nd1 Re4 56. Kxh3 Rxc4 57. Kg3 Rd4 58. Ne3 Rd3 59. Kf4
Rxa3 60. b6+ Kd7 61. h4 a4 62. b7 Kc7 63. Nc4 Rb3 64. Ke4 a3 65. Na5 Rxb7 0-1

[Event "Open Jastrzebie 2019"]
[Site "?"]
[Date "2019.08.17"]
[Round "7.7"]
[White "Marcinowski, Marek"]
[Black "Kelemen, Szabolcs"]
[Result "0-1"]
[WhiteElo "1881"]
[BlackElo "1939"]
[PlyCount "76"]
[SourceVersionDate "2019.08.22"]

1. d4 Nf6 2. Nf3 g6 3. Bf4 Bg7 4. e3 O-O 5. Be2 c5 6. c3 d5 7. h3 Nc6 8. O-O
Bf5 9. Qb3 Qd7 10. Nbd2 c4 11. Qa3 b5 12. b3 a5 13. g4 Be6 14. Qc5 Na7 15. bxc4
dxc4 16. Ne5 Qb7 17. Rab1 Rac8 18. Qa3 Qa6 19. Bf3 Nd5 20. Bxd5 Bxd5 21. e4 Bc6
22. Qxe7 Be8 23. Qa3 Qf6 24. Bg3 Qe6 25. d5 Qa6 26. Rfd1 b4 27. Qc1 bxc3 28.
Qxc3 Nb5 29. Rxb5 Bxb5 30. Qf3 Qf6 31. Qa3 c3 32. Nb3 c2 33. Re1 Bh6 34. g5
Bxg5 35. Ng4 Qc3 36. Rc1 a4 37. Qd6 axb3 38. axb3 Bxc1 0-1

[Event "Open Jastrzebie 2019"]
[Site "?"]
[Date "2019.08.17"]
[Round "7.8"]
[White "Hoferek, Svatopluk"]
[Black "Wiecek, Pawel"]
[Result "0-1"]
[WhiteElo "1786"]
[BlackElo "1916"]
[PlyCount "66"]
[SourceVersionDate "2019.08.22"]

1. d4 Nf6 2. Nf3 g6 3. e3 Bg7 4. Bd3 b6 5. e4 O-O 6. O-O d6 7. c4 Bb7 8. Nc3 c5
9. d5 e6 10. h3 exd5 11. cxd5 a6 12. a4 Qc7 13. Bf4 Nbd7 14. Rc1 Rfe8 15. Re1
Nh5 16. Bh2 Ne5 17. Bf1 Qe7 18. g4 Nxf3+ 19. Qxf3 Nf6 20. e5 dxe5 21. Bxe5 Qd8
22. Bc4 Rxe5 23. Rxe5 Nxg4 24. Ree1 Ne5 25. Qe4 Qf6 26. f4 Nxc4 27. Qxc4 Qh4
28. Kh2 Qf2+ 29. Kh1 Qf3+ 30. Kh2 Qf2+ 31. Kh1 Bxc3 32. Rf1 Qd4 33. Qxc3 Qxd5+
0-1

[Event "Open Jastrzebie 2019"]
[Site "?"]
[Date "2019.08.17"]
[Round "7.9"]
[White "Kotowicz, Kamil"]
[Black "Shystarova, Svitlana"]
[Result "0-1"]
[WhiteElo "1498"]
[BlackElo "1865"]
[PlyCount "98"]
[SourceVersionDate "2019.08.22"]

1. d4 Nf6 2. Bf4 e6 3. Nf3 c5 4. e3 Qb6 5. b3 Nd5 6. c4 Nxf4 7. exf4 cxd4 8.
Qxd4 Bb4+ 9. Nbd2 Qxd4 10. Nxd4 Bc3 11. Nb5 Bxa1 12. Nc7+ Kd8 13. Nxa8 Bc3 14.
Bd3 Nc6 15. Kd1 Bxd2 16. Kxd2 b6 17. Kc3 Bb7 18. Nxb6 axb6 19. f3 Kc7 20. Be4
Ne7 21. Rd1 d5 22. Bc2 Ra8 23. a4 Bc6 24. Ra1 dxc4 25. bxc4 Ng6 26. f5 exf5 27.
Bxf5 Rxa4 28. Rxa4 Bxa4 29. g3 Kd6 30. Kd4 Ne5 31. Be4 Bc6 32. Bf5 Nxf3+ 33.
Kc3 Nxh2 34. Bh3 Nf3 35. Bf1 h5 36. Be2 g5 37. Kd3 Ne5+ 38. Kd4 h4 39. gxh4
gxh4 40. Bf1 Nf3+ 41. Ke3 Ng5 42. Kf4 h3 43. Kg3 Kc5 44. Bd3 Kd4 45. Be2 f5 46.
Bf1 Ke3 47. Kh2 f4 48. c5 bxc5 49. Ba6 f3 0-1

[Event "Open Jastrzebie 2019"]
[Site "?"]
[Date "2019.08.17"]
[Round "7.10"]
[White "Zak, Rafal"]
[Black "Adamczyk, Piotr"]
[Result "1/2-1/2"]
[WhiteElo "1610"]
[BlackElo "1838"]
[PlyCount "121"]
[SourceDate "2019.08.23"]

1. e4 c5 2. Nc3 e6 3. f4 d5 4. Bb5+ Bd7 5. Bxd7+ Qxd7 6. Nf3 Nc6 7. d3 dxe4 8.
Nxe4 Be7 9. Be3 b6 10. O-O Nf6 11. Nxf6+ Bxf6 12. Rb1 Rd8 13. a3 Qd5 14. Nd2
O-O 15. Ne4 Bd4 16. Bf2 c4 17. Qe2 cxd3 18. Qxd3 f5 19. Ng5 h6 20. Bxd4 Qxd4+
21. Qxd4 Nxd4 22. Nf3 Ne2+ 23. Kh1 Nxf4 24. Rbe1 Rfe8 25. g3 Ng6 26. c3 e5 27.
h4 h5 28. Rf2 f4 29. gxf4 exf4 30. Rg1 Nf8 31. Nd4 Re4 32. Rg5 g6 33. a4 Kg7
34. a5 Kf6 35. Kg2 Rde8 36. axb6 axb6 37. Rd5 Ne6 38. Rd6 Rb8 39. Rxe6+ Rxe6
40. Rxf4+ Ke5 41. Nxe6 Kxe6 42. Kf3 Rd8 43. Rc4 Rd6 44. Kf4 Kf6 45. b4 b5 46.
Rc5 Rd3 47. Rxb5 Rxc3 48. Rb6+ Kg7 49. Rb7+ Kh6 50. b5 Rh3 51. b6 Rxh4+ 52. Ke5
Rb4 53. Kd6 h4 54. Kc7 Kg5 55. Ra7 h3 56. b7 h2 57. Ra1 Kg4 58. b8=Q Rxb8 59.
Kxb8 Kg3 60. Ra3+ Kh4 61. Ra4+ 1/2-1/2

[Event "Open Jastrzebie 2019"]
[Site "?"]
[Date "2019.08.17"]
[Round "7.11"]
[White "Dziendziel, Mateusz"]
[Black "Kovalenko, Yuriy"]
[Result "1-0"]
[WhiteElo "1801"]
[BlackElo "1658"]
[PlyCount "109"]

1. e4 c5 2. Nf3 Nc6 3. d4 cxd4 4. Nxd4 d6 5. Nc3 g6 6. Be3 Bg7 7. Qd2 Nf6 8. f3
O-O 9. g4 Nd7 10. O-O-O Nde5 11. Be2 Na5 12. b3 Nac6 13. h4 Qa5 14. h5 Bd7 15.
Kb1 Rac8 16. Nd5 Qxd2 17. Rxd2 Be6 18. hxg6 hxg6 19. Nxe6 fxe6 20. Nf4 Kf7 21.
Bd1 Rh8 22. Rdh2 Rxh2 23. Rxh2 Rh8 24. Rxh8 Bxh8 25. g5 a6 26. c3 Nd7 27. Kc2
Nc5 28. Ng2 b5 29. a3 Ke8 30. Be2 Kf7 31. Bf2 Be5 32. Bxc5 dxc5 33. f4 Bc7 34.
e5 Bb6 35. Bd3 b4 36. axb4 cxb4 37. Be4 Na7 38. c4 Bf2 39. Kd3 a5 40. Ke2 Bd4
41. Nh4 a4 42. bxa4 b3 43. Kd3 Ba1 44. Kd2 Bd4 45. Nxg6 b2 46. Kc2 Nc6 47. Nh8+
Kg7 48. Bxc6 Kxh8 49. a5 Kg7 50. Be4 Kf8 51. Bg6 Kg7 52. Bh5 Kf8 53. a6 Kg7 54.
c5 Bxc5 55. Kxb2 1-0

[Event "Open Jastrzebie 2019"]
[Site "?"]
[Date "2019.08.17"]
[Round "7.12"]
[White "Distel, Pawel"]
[Black "Lysakowski, Piotr"]
[Result "1-0"]
[WhiteElo "1705"]
[BlackElo "1415"]
[PlyCount "95"]

1. Nf3 d5 2. g3 c6 3. Bg2 Nf6 4. O-O Bf5 5. d3 h6 6. Nbd2 e6 7. c3 Bh7 8. a3
Nbd7 9. b4 a5 10. Bb2 Bd6 11. Re1 O-O 12. e4 e5 13. Qb3 a4 14. Qd1 Re8 15. c4
d4 16. c5 Bc7 17. Rc1 Qb8 18. Qc2 Ra6 19. Qc4 Re6 20. Bh3 Re8 21. Nh4 Rc8 22.
Bf5 Kf8 23. Bxh7 Nxh7 24. Ndf3 Nhf6 25. Rc2 Ne8 26. Bc1 b5 27. Qa2 Bd8 28. Nf5
Qa7 29. g4 Ndf6 30. h3 Nh7 31. h4 Kg8 32. Kh1 Qc7 33. Rg1 Nf8 34. g5 hxg5 35.
Nxg5 Bxg5 36. Bxg5 Kh7 37. Ne7 Qd7 38. Rg3 Ng6 39. Nxc8 Qxc8 40. Kh2 f5 41. f3
f4 42. Rg4 Nf8 43. Rcg2 Ne6 44. h5 Ra7 45. h6 Nxg5 46. Rxg5 Kxh6 47. Kg1 g6 48.
Rxg6+ 1-0

[Event "Open Jastrzebie 2019"]
[Site "?"]
[Date "2019.08.17"]
[Round "7.14"]
[White "Kopeczewski, Zbiegniew"]
[Black "Szymon, Jakub"]
[Result "1-0"]
[WhiteElo "1464"]
[BlackElo "1572"]
[PlyCount "50"]

1. b3 d5 2. Bb2 e6 3. Nf3 Nd7 4. e3 Ngf6 5. d4 c6 6. Nbd2 Bd6 7. c4 b6 8. Qc2
Bb7 9. g3 a5 10. Bg2 Rc8 11. Rc1 h6 12. O-O O-O 13. Qb1 Ba8 14. Rfe1 Re8 15.
Nh4 Bb4 16. Re2 Bb7 17. Nf1 Ba6 18. a3 Be7 19. Nd2 dxc4 20. bxc4 b5 21. Qa2 c5
22. d5 bxc4 23. dxe6 c3 24. exf7+ Kh7 25. Qb1+ g6 1-0

[Event "Open Jastrzebie 2019"]
[Site "?"]
[Date "2019.08.17"]
[Round "7.15"]
[White "Wos, Kacper"]
[Black "Gradalski, Olaf"]
[Result "1/2-1/2"]
[WhiteElo "1313"]
[BlackElo "1531"]
[PlyCount "64"]
[SourceVersionDate "2019.08.25"]

1. d4 Nf6 2. c4 c5 3. d5 e6 4. Nc3 exd5 5. cxd5 d6 6. e4 g6 7. Nf3 Bg7 8. Bb5+
Nbd7 9. Bf4 Qe7 10. O-O a6 11. Bxd7+ Nxd7 12. a4 O-O 13. Nd2 Ne5 14. Bg3 Bd7
15. a5 Bb5 16. Bxe5 Bxe5 17. Re1 Qf6 18. Qf3 Qg7 19. Qh3 f5 20. Rab1 Bd7 21.
Nc4 fxe4 22. Qh4 Rf4 23. Qg3 e3 24. Nxe3 Rf6 25. Qh4 Rf4 26. Qg3 Qh6 27. Nf1
Rh4 28. Qe3 Bf4 29. Qe7 Bxh2+ 30. Nxh2 Rxh2 31. f3 Rh1+ 32. Kf2 Qd2+ 1/2-1/2

[Event "Open Jastrzebie 2019"]
[Site "?"]
[Date "2019.08.17"]
[Round "7.16"]
[White "Kozubek, Krystian"]
[Black "Aleshko, Margarita"]
[Result "1-0"]
[WhiteElo "1495"]
[BlackElo "1319"]
[PlyCount "116"]
[SourceVersionDate "2019.08.25"]

1. c4 c5 2. Nc3 Nf6 3. g3 d5 4. cxd5 Nxd5 5. Bg2 Nc7 6. d3 e5 7. Nf3 Nc6 8. O-O
Be7 9. b3 O-O 10. Bb2 Rb8 11. e3 b6 12. Ne2 Bf6 13. Qd2 Bb7 14. Rfd1 Qd7 15.
Nc3 Be7 16. Ne2 Bf6 17. Nc3 Be7 18. Ne2 Bf6 19. Bc3 Rfd8 20. Ne1 Nb5 21. Bb2
Qd6 22. Nc3 Nxc3 23. Bxc3 Rd7 24. Qb2 Re8 25. Rd2 b5 26. Qc2 Nd8 27. Bxb7 Nxb7
28. Rad1 Red8 29. Nf3 Qd5 30. Ne1 Nd6 31. a3 Rc8 32. Qb2 Rb8 33. b4 cxb4 34.
Qxb4 Nb7 35. d4 a5 36. Qb2 e4 37. Qa2 Qg5 38. Rb2 h5 39. Ng2 h4 40. Rdb1 hxg3
41. hxg3 Rd5 42. Nf4 Rf5 43. Qb3 Nd6 44. Kg2 Rc8 45. Be1 Nc4 46. Ra2 a4 47. Qd1
Be7 48. Bb4 Bxb4 49. Rxb4 Qf6 50. Qg4 Rb8 51. Nh3 Rf3 52. Qg5 Qe6 53. Ra1 Rf5
54. Qh4 Re8 55. Nf4 Qd6 56. Rh1 Qh6 57. Qxh6 gxh6 58. Rxh6 Nxa3 1-0